BONNEYS GYNOCOLOGICAL SURGERY (Record no. 3515)

MARC details
000 -LEADER
fixed length control field 00358nam a2200145Ia 4500
008 - FIXED-LENGTH DATA ELEMENTS--GENERAL INFORMATION
fixed length control field 150201s2004 xx 000 0 und d
082 ## - DEWEY DECIMAL CLASSIFICATION NUMBER
Classification number 617.6
Item number B2004M
100 ## - MAIN ENTRY--PERSONAL NAME
Personal name MANAGHAM
245 ## - TITLE STATEMENT
Title BONNEYS GYNOCOLOGICAL SURGERY
250 ## - EDITION STATEMENT
Edition statement 10TH
260 ## - PUBLICATION, DISTRIBUTION, ETC. (IMPRINT)
Name of publisher, distributor, etc. BLACKWELL SCIENCE PUB.
Place of publication, distribution, etc. EDINBURGH
Date of publication, distribution, etc. 2004
300 ## - PHYSICAL DESCRIPTION
Extent 1-309
650 ## - SUBJECT ADDED ENTRY--TOPICAL TERM
Topical term or geographic name as entry element GYNAECOLOGY
942 ## - ADDED ENTRY ELEMENTS (KOHA)
Source of classification or shelving scheme Dewey Decimal Classification
Koha item type Books
Holdings
Withdrawn status Lost status Source of classification or shelving scheme Damaged status Not for loan Home library Current library Date acquired Source of acquisition Cost, normal purchase price Serial Enumeration / chronology SGTU Bill Number Total Checkouts Full call number Barcode Date last seen Bill Date Koha item type
    Dewey Decimal Classification     SGT Dental Library SGT Dental Library 15/12/2006 U.B.S.DELHI 56.00 1 SGTU 16   617.6 B2004M FD3985 09/02/2015 01/08/2012 Books